[Event "Vecindario Montalvo Memorial 16th"]
[Site "Vecindario"]
[Date "2024.03.28"]
[Round "6"]
[White "Garcia Blanco, Omar"]
[Black "Lianes Garcia, Marcos"]
[Result "0-1"]
[WhiteElo "2377"]
[BlackElo "2398"]
[PlyCount "108"]
[EventDate "2024.03.23"]
[EventType "swiss"]
[EventRounds "9"]
[EventCountry "ESP"]
[SourceTitle "CBM 219 Extra"]
[Source "ChessBase"]
[SourceDate "2024.05.31"]
[SourceVersion "1"]
[SourceVersionDate "2024.05.31"]
[SourceQuality "1"]

1. e4 c6 2. d4 d5 3. e5 Bf5 4. h4 h5 5. Bd3 Bxd3 6. Qxd3 e6 7. Bg5 Qa5+ 8. Nd2 Qa6 9. c4 Nh6 10. Ngf3 Nf5 11. 0-0 Nd7 12. b3 Be7 13. Bxe7 Kxe7 14. a4 c5 15. Qb1 dxc4 16. Nxc4 cxd4 17. Qc1 Nb6 18. Nd6 Nxd6 19. exd6+ Kf8 20. Nxd4 Nd5 21. Nb5 Qb6 22. Qa3 Kg8 23. Rac1 Rd8 24. Rc5 Kh7 25. b4 Rd7 26. Qf3 g6 27. Rfc1 Kg7 28. Qe4 Qd8 29. Nxa7 b6 30. Rc7 Nxc7 31. dxc7 Rd1+ 32. Rxd1 Qxd1+ 33. Kh2 Qd6+ 34. g3 Qxc7 35. Nb5 Qd7 36. Qe3 Qc6 37. Qd4+ f6 38. Nc3 e5 39. Qd3 Rc8 40. Ne4 Rc7 41. a5 bxa5 42. bxa5 Rd7 43. Qb1 Ra7 44. Qb4 Rb7 45. Qe1 Rb5 46. Qd2 Rb7 47. Qd3 Rd7 48. Qb1 Rd4 49. f3 Ra4 50. Qe1 Ra2+ 51. Kg1 Qc2 52. Nf2 Qc5 53. f4 e4 54. a6 Qd4 0-1

[Event "Vecindario Montalvo Memorial 16th"]
[Site "Vecindario"]
[Date "2024.03.26"]
[Round "4"]
[White "Garcia Blanco, Omar"]
[Black "Estremera Panos, Sergio"]
[Result "1-0"]
[WhiteElo "2377"]
[BlackElo "2233"]
[PlyCount "127"]
[EventDate "2024.03.23"]
[EventType "swiss"]
[EventRounds "9"]
[EventCountry "ESP"]
[SourceTitle "CBM 219 Extra"]
[Source "ChessBase"]
[SourceDate "2024.05.31"]
[SourceVersion "1"]
[SourceVersionDate "2024.05.31"]
[SourceQuality "1"]

1. e4 c5 2. Nf3 Nc6 3. d4 cxd4 4. Nxd4 Nf6 5. Nc3 d6 6. Bg5 e6 7. Qd2 Be7 8. 0-0-0 a6 9. f4 Bd7 10. Nf3 b5 11. a3 b4 12. axb4 Nxb4 13. Bc4 Qc7 14. Qe2 0-0 15. e5 dxe5 16. fxe5 Nfd5 17. Bxd5 Bxg5+ 18. Nxg5 exd5 19. Nxd5 Nxd5 20. Rxd5 Bf5 21. Rf1 Bg6 22. e6 fxe6 23. Rxf8+ Rxf8 24. Nxe6 Rf1+ 25. Rd1 Rxd1+ 26. Qxd1 Qa5 27. Qd8+ Qxd8 28. Nxd8 Kf8 29. Ne6+ Ke7 30. Nc5 a5 31. Kd2 Bf7 32. Ke3 Bd5 33. g3 Kd6 34. Kd4 h6 35. c4 Bf3 36. Nb3 a4 37. Nc5 Bc6 38. Nd3 Be8 39. Ne5 Ke6 40. c5 Bb5 41. Nc4 g5 42. Nd6 Bc6 43. Kc4 h5 44. Kb4 h4 45. Ka5 hxg3 46. hxg3 Kd5 47. Kb6 Bd7 48. Nb5 Ke4 49. c6 Bh3 50. Nd6+ Kd3 51. Ka5 Kc2 52. Kxa4 Kxb2 53. Kb4 Kc2 54. Kc4 Kd2 55. Kd4 Ke2 56. Ne4 Bc8 57. Nxg5 Kf2 58. Ne4+ Kf3 59. Ke5 Ba6 60. Nd6 Kxg3 61. c7 Kg4 62. Kd5 Kf4 63. Kc6 Ke5 64. Nb7 1-0

[Event "Titled Tuesday intern op 19th Mar Early"]
[Site "Chess.com INT"]
[Date "2024.03.19"]
[Round "4"]
[White "Agibileg, Uurtsaikh"]
[Black "Garcia Blanco, Omar"]
[Result "1-0"]
[WhiteElo "2443"]
[BlackElo "2377"]
[PlyCount "39"]
[EventDate "2024.03.19"]
[EventType "swiss (blitz)"]
[EventRounds "11"]
[EventCountry "USA"]
[SourceTitle "EXT 2025"]
[Source "ChessBase"]
[SourceDate "2024.10.14"]
[SourceVersion "1"]
[SourceVersionDate "2024.10.14"]
[SourceQuality "1"]

1. d4 d5 2. c4 e6 3. Nc3 Nf6 4. cxd5 exd5 5. Bg5 Bb4 6. e3 h6 7. Bh4 g5 8. Bg3 Ne4 9. Nge2 h5 10. f3 Nxg3 11. hxg3 c6 12. Qc2 Qe7 13. e4 dxe4 14. fxe4 Bg4 15. 0-0-0 Nd7 16. Kb1 0-0-0 17. Nd5 Qd6 18. Nxb4 Qxb4 19. a3 Qa4 20. Qxa4 1-0

[Event "Titled Tuesday intern op 19th Mar Early"]
[Site "Chess.com INT"]
[Date "2024.03.19"]
[Round "9"]
[White "Garcia Blanco, Omar"]
[Black "Afanasieva, Alexandra"]
[Result "0-1"]
[WhiteElo "2377"]
[BlackElo "1914"]
[PlyCount "144"]
[EventDate "2024.03.19"]
[EventType "swiss (blitz)"]
[EventRounds "11"]
[EventCountry "USA"]
[SourceTitle "EXT 2025"]
[Source "ChessBase"]
[SourceDate "2024.10.14"]
[SourceVersion "1"]
[SourceVersionDate "2024.10.14"]
[SourceQuality "1"]

1. Nf3 c5 2. e3 Nc6 3. d4 d6 4. h3 g6 5. Be2 Bg7 6. 0-0 e5 7. dxc5 dxc5 8. Nc3 Nge7 9. Ne4 0-0 10. Nxc5 Qb6 11. Nb3 e4 12. Nfd4 Rd8 13. c3 a5 14. a4 Nxd4 15. exd4 Be6 16. Nc5 Bd5 17. Qc2 Rac8 18. Bg5 Re8 19. Bb5 Nc6 20. Rfe1 h6 21. Be3 f5 22. Qd2 g5 23. c4 Bf7 24. d5 f4 25. Nd7 fxe3 26. Nxb6 exd2 27. Re2 Nd4 28. Rxd2 Nb3 29. Rad1 Nxd2 30. Rxd2 Rcd8 31. Bxe8 Bxe8 32. b3 Bc3 33. Rd1 Bb4 34. d6 Bc5 35. Nd5 Rxd6 36. Re1 Bc6 37. Ne7+ Kf7 38. Nxc6 bxc6 39. Rxe4 Rd2 40. Re5 Bxf2+ 41. Kf1 Bg3 42. Rxa5 Rf2+ 43. Kg1 Re2 44. Rf5+ Ke6 45. Rf1 Kd6 46. Rd1+ Kc5 47. Kf1 Rf2+ 48. Kg1 Ra2 49. Kf1 Kb4 50. Rd3 Be5 51. Re3 Bc3 52. Re6 Kxb3 53. Rxc6 h5 54. Rg6 Bd2 55. c5 Rxa4 56. Ke2 Bf4 57. g3 Bxg3 58. Rxg5 h4 59. Kd3 Rc4 60. Rd5 Kb4 61. Rf5 Rc1 62. Ke2 Kb5 63. Kf3 Kc6 64. Kg2 Rc2+ 65. Kf3 Kd7 66. Kg4 Ke6 67. Rh5 Rc4+ 68. Kf3 Rc3+ 69. Kg4 Be1 70. Rh6+ Kf7 71. c6 Rg3+ 72. Kxh4 Kg7 0-1

[Event "Titled Tuesday intern op 19th Mar Early"]
[Site "Chess.com INT"]
[Date "2024.03.19"]
[Round "8"]
[White "Garcia Blanco, Omar"]
[Black "Krzywda, Andrzej"]
[Result "1-0"]
[WhiteElo "2377"]
[BlackElo "2237"]
[PlyCount "59"]
[EventDate "2024.03.19"]
[EventType "swiss (blitz)"]
[EventRounds "11"]
[EventCountry "USA"]
[SourceTitle "EXT 2025"]
[Source "ChessBase"]
[SourceDate "2024.10.14"]
[SourceVersion "1"]
[SourceVersionDate "2024.10.14"]
[SourceQuality "1"]

1. Nf3 d5 2. e3 Nf6 3. h3 e6 4. d4 Bd6 5. c4 0-0 6. Bd3 b6 7. Nc3 a6 8. 0-0 Bb7 9. b3 Nbd7 10. Bb2 Qe7 11. Rc1 dxc4 12. bxc4 c5 13. Qe2 e5 14. dxe5 Nxe5 15. Nxe5 Qxe5 16. f4 Qe7 17. e4 Bc7 18. e5 Nd7 19. Nd5 Qd8 20. Rcd1 Re8 21. Bf5 Nf8 22. Qg4 Bxd5 23. cxd5 Ng6 24. d6 Bb8 25. Be4 Ra7 26. Bc6 Rf8 27. f5 Nh8 28. Bd5 b5 29. e6 Bxd6 30. Qxg7# 1-0

[Event "Titled Tuesday intern op 19th Mar Early"]
[Site "Chess.com INT"]
[Date "2024.03.19"]
[Round "1"]
[White "Garcia Blanco, Omar"]
[Black "Santeramo, Alessia Carmen"]
[Result "1-0"]
[WhiteElo "2377"]
[BlackElo "2162"]
[PlyCount "77"]
[EventDate "2024.03.19"]
[EventType "swiss (blitz)"]
[EventRounds "11"]
[EventCountry "USA"]
[SourceTitle "EXT 2025"]
[Source "ChessBase"]
[SourceDate "2024.10.14"]
[SourceVersion "1"]
[SourceVersionDate "2024.10.14"]
[SourceQuality "1"]

1. Nf3 Nf6 2. e3 Nc6 3. d4 d5 4. c4 e6 5. Nc3 Bb4 6. a3 Bxc3+ 7. bxc3 Ne4 8. Qc2 f5 9. a4 0-0 10. Ba3 Rf6 11. g3 Rh6 12. Bd3 Bd7 13. h4 Be8 14. cxd5 exd5 15. c4 Bh5 16. Ng5 Nxg5 17. hxg5 Qxg5 18. cxd5 Re8 19. dxc6 Rxe3+ 20. fxe3 Qxe3+ 21. Kf1 Qf3+ 22. Ke1 Qxh1+ 23. Kd2 Qg2+ 24. Kc3 Rxc6+ 25. Bc5 Qxc2+ 26. Kxc2 b6 27. Bb5 Rg6 28. Be7 Rxg3 29. Bd8 g5 30. Bxc7 f4 31. d5 Bg6+ 32. Kb2 Rg2+ 33. Ka3 Rd2 34. d6 Bf5 35. Re1 f3 36. Re5 Bh3 37. Rxg5+ Kf7 38. Rg3 Rd3+ 39. Bxd3 1-0

[Event "Titled Tuesday intern op 05th Mar Early"]
[Site "Chess.com INT"]
[Date "2024.03.05"]
[Round "8"]
[White "Garcia Blanco, Omar"]
[Black "Filgueira, Hernan"]
[Result "1-0"]
[WhiteElo "2377"]
[BlackElo "2283"]
[PlyCount "95"]
[EventDate "2024.03.05"]
[EventType "swiss (blitz)"]
[EventRounds "11"]
[EventCountry "USA"]
[SourceTitle "EXT 2025"]
[Source "ChessBase"]
[SourceDate "2024.10.14"]
[SourceVersion "1"]
[SourceVersionDate "2024.10.14"]
[SourceQuality "1"]

1. Nf3 c5 2. e3 g6 3. d4 Qc7 4. Be2 Bg7 5. h3 Nf6 6. 0-0 0-0 7. c3 d6 8. b3 b6 9. a4 a6 10. Bb2 Bb7 11. Nbd2 Nbd7 12. Qb1 Bc6 13. b4 Bb7 14. Rc1 Rfc8 15. a5 b5 16. c4 bxc4 17. bxc5 dxc5 18. Bxc4 e6 19. Qa2 Qd8 20. Rd1 cxd4 21. Nxd4 Bd5 22. Bxd5 Nxd5 23. Ne4 Rab8 24. Rab1 Qc7 25. Ng5 Nc5 26. Rbc1 Qb7 27. Ba3 Na4 28. Ndxe6 fxe6 29. Nxe6 Nac3 30. Qd2 Nxd1 31. Rxd1 Nc3 32. Rf1 Qf7 33. Nxg7 Qxg7 34. Qd6 Qf7 35. Qxa6 Ne4 36. Qd3 Nf6 37. a6 Rd8 38. Qe2 Ra8 39. Bc5 Ne4 40. Bd4 Nd6 41. Rb1 Nf5 42. Bc5 Qd5 43. Qc2 Rdc8 44. Rc1 Rxa6 45. e4 Nd4 46. Qd3 Qd7 47. Qxa6 Ne6 48. Qa2 1-0

[Event "Titled Tuesday intern op 05th Mar Early"]
[Site "Chess.com INT"]
[Date "2024.03.05"]
[Round "5"]
[White "Garcia Blanco, Omar"]
[Black "Kamsky, Gata"]
[Result "1-0"]
[WhiteElo "2377"]
[BlackElo "2616"]
[PlyCount "93"]
[EventDate "2024.03.05"]
[EventType "swiss (blitz)"]
[EventRounds "11"]
[EventCountry "USA"]
[SourceTitle "EXT 2025"]
[Source "ChessBase"]
[SourceDate "2024.10.14"]
[SourceVersion "1"]
[SourceVersionDate "2024.10.14"]
[SourceQuality "1"]

1. Nf3 d5 2. e3 Nf6 3. h3 g6 4. d4 Bg7 5. Be2 0-0 6. 0-0 c5 7. c3 b6 8. a4 Nc6 9. b3 Bb7 10. Ba3 Ne4 11. Nfd2 Nxd2 12. Nxd2 cxd4 13. cxd4 Qd7 14. b4 e6 15. a5 Rab8 16. a6 Bc8 17. Bb5 Qe8 18. Qa4 Bd7 19. Rac1 Ne5 20. Bxd7 Nxd7 21. b5 Qd8 22. Bxf8 Bxf8 23. Rc6 Nf6 24. Rfc1 Ne8 25. Nf3 Nd6 26. Rc7 Ra8 27. R1c6 Ne8 28. Rb7 Nd6 29. Ne5 Nxb7 30. axb7 Rb8 31. Qxa7 Kg7 32. Rxb6 Bd6 33. Nc6 Qc7 34. g3 Bxg3 35. Qxb8 Qxb6 36. Qxg3 Qxb7 37. Qe5+ Kh6 38. Qf4+ Kg7 39. Qb8 Qd7 40. Kf1 g5 41. Ke2 h5 42. Kf3 g4+ 43. hxg4 hxg4+ 44. Kg2 Kh7 45. Qf4 Qb7 46. Ne5 f5 47. Qg5 1-0